| 000 | 00543nam a2200181 a 4500 | ||
|---|---|---|---|
| 001 | 001089744 | ||
| 003 | AM-YeHGA | ||
| 005 | 20250617151450.0 | ||
| 008 | 150629s1945 ||| r 000 0 rus d | ||
| 040 | _aAM-YeHGA | ||
| 041 | 0 | _arus | |
| 100 | 1 | _aМартынов, Леонид | |
| 245 | 1 | 0 |
_aЛукоморье : _bСтихи / _cЛеонид Мартынов. |
| 260 |
_aМосква : _bСоветский писатель, _c1945. |
||
| 300 | _a80 с. | ||
| 650 | 1 | 4 |
_aРусская литература _xСтихи |
| 090 | _c353814 | ||
| 999 |
_c352001 _d352001 |
||